000
00296nam a2200109Ia 4500
008
200302s9999 xx 000 0 und d
100
_a
Timmons Gayheart Virginia
245
_a
Painting in the School Program
260
_b
Davis Publication Worcestre Massachusetts
260
_c
1968
300
_a
135 P.,
999
_c
280
_d
280